00643 2200229 4500001002100000005001700021008004100038035002400079082000800103090001500111100002200126245008800148250001100236260004100247300002400288500003100312650002100343850001500364980001300379985000600392999001500398YOGYA-0209000000959520090227021230.0 ind  0010-020900000009595 a303 a303bTan S aTANEKO, Soleman B aStruktur dan proses sosialbsuatu pengantarsosiologi pembangunancSoleman B. Taneka aCet. 2 ajakartabraja Grafindo Persadac1993 axiv, 174 hlmc21 cm aBibliografi : hlm. 171-174 aSosial, Struktur aYOPDYOG(B) a22-06-05 a1 a95P0073553